| 000 | 01964nam a2200337 i 4500 | ||
|---|---|---|---|
| 003 | DO-SdBNP | ||
| 005 | 20231113103108.0 | ||
| 007 | ta | ||
| 008 | 150209s2006 dr ac b 000 0 spa d | ||
| 020 | _a9945426575 | ||
| 040 |
_aDO-SdBNP _bspa _cBNPHU _erda |
||
| 082 |
_222 _bY99 |
||
| 100 | 1 |
_aYzuel Sanz, Juan _984622 |
|
| 245 | 1 | 0 |
_aHablamos de Dios. : _bguía didáctica, 5to. de educación básica / _cJuan Yzuel Sanz ; ilustración Felipe López Salán |
| 264 | 1 |
_aSanto Domingo : _bSM, _c2006. |
|
| 300 |
_a160 páginas _bilustraciones, retratos _c28 cm. |
||
| 336 |
_2rdacontent _atexto _btxt |
||
| 337 |
_2rdamedia _asin mediación _bn |
||
| 338 |
_2rdacarrier _avolumen _bnc |
||
| 490 | 1 | _aEducación en valores | |
| 490 | 1 | _aProyecto mundo abierto | |
| 500 | _aEducación básica. | ||
| 500 | _aFormación integral humana y religiosa. | ||
| 500 | _aIncluye glosario. | ||
| 505 | 0 |
_gProyecto y metodología : _tNuestra propuesta -- _tClaves del proyecto Hablamos de Dios -- _tObjetivos generales y criterios de evaluación -- _tLos contenidos -- _tProgramación -- _tLos materiales para el estudiante -- _tLos recursos para el maestro -- _tLa unidad didáctica (estructura y proceso metodológico) / _gLas unidades didácticas : _gDios promete la salvación y cumple su promesa -- _tDios se revela al ser humano -- _tCreación del universo y del ser humano -- _tEl Dios de toda confianza -- _tDios libera a los seres humanos -- _gJesús realiza la salvación y funda la iglesia -- _tDavid y la promesa del Mesías -- _tEn Jesús, se cumple la promesa -- _tLa iglesia en sus comienzos -- _tExpansión de la iglesia -- _gLa iglesia comunica la salvación y mantiene la esperanza -- _tLa iglesia a lo largo de la historia -- _tLa iglesia hoy -- _tUn futuro de esperanza -- _tGlosario / |
|
| 521 | _aEstudiantes de primaria. | ||
| 590 | _aInventariado, 2023/ YL | ||
| 700 | 1 |
_aLópez Salán, Felipe _973201 _eilustraciones |
|
| 910 | _aYLockward | ||
| 942 |
_2ddc _cLBS1 |
||
| 999 |
_c55467 _d55467 |
||